| 000 | 00746nam a2200253Ia 4500 | ||
|---|---|---|---|
| 003 | OSt | ||
| 005 | 20220918174106.0 | ||
| 006 | a|||||r|||| 00| 0 | ||
| 007 | ta | ||
| 008 | 220917b |||||||| |||| 00| 0 eng d | ||
| 024 | _a10,377 | ||
| 037 | _cTextual | ||
| 040 |
_aARTS _cARTS _beng |
||
| 041 |
_2eng _aeng |
||
| 082 | _aY73(Q7:4198)-76.461, L8 | ||
| 100 |
_aBirks J S _949080 |
||
| 245 | 0 |
_aAcross the Savannas to Mecca _b the overland pilgrimage route from West Africa |
|
| 260 |
_aLondon _bC Hurst _c1978 |
||
| 300 |
_axiii,161p. illus _ccm. |
||
| 500 | _aGlossary 142-44p; Appendix 145-152p | ||
| 650 | _aRELIGION | ||
| 942 |
_hY73(Q7:4198)-76.461, L8 _cTEXL _2CC |
||
| 999 |
_c151749 _d151749 |
||